Animals by pictures - Statistics

General Stats
  • This quiz has been taken 174 times
  • The average score is 19 of 22
Answer Stats
Picture Answer % Correct
Owl
100%
Panda
99%
Swan
99%
Wolf
98%
Horse
97%
Rabbit
97%
Tiger
97%
Lion
96%
bat
95%
dog
95%
cat
93%
mouse
92%
Parrot
91%
rhino
90%
duck
89%
pig
88%
Cheetah
87%
deer
85%
Beaver
82%
Hawk
72%
robin
52%
bobcat
51%
No matching quizzes found
Score Distribution
Percent of People with Each Score
Percentile by Number Answered
Your Score History
You have not taken this quiz